| 000 | 00830nam a2200253Ia 4500 | ||
|---|---|---|---|
| 003 | OSt | ||
| 005 | 20220928125015.0 | ||
| 006 | a|||||r|||| 00| 0 | ||
| 007 | ta | ||
| 008 | 220927b |||||||| |||| 00| 0 eng d | ||
| 020 | _c5874.1999999999998 | ||
| 024 | _a119526 | ||
| 037 |
_b012, 22/08/2013, Excel Book International _cTextual |
||
| 040 |
_aSDCL _cSDCL _beng |
||
| 041 |
_2eng _aeng |
||
| 082 | _aX9(F555).41'P, Q2 | ||
| 100 |
_aAndrews-speed Philip _9467548 |
||
| 245 | 0 |
_aGovernance of energy in China _b Transition to a low-carbon economy. |
|
| 260 |
_aUK _bPalgrave Macmillan _c2012 |
||
| 300 |
_axvi;259p. _ccm. |
||
| 650 |
_aBusiness Economics _9391653 |
||
| 942 |
_hX9(F555).41'P, Q2 _cTEXL _2CC |
||
| 999 |
_c780407 _d780407 |
||